000 00703nam a2200217 a 4500
999 _c2727
_d2727
001 2727
003 BD-JhCC
005 20171106131316.0
008 171106s1367 bg |||| |||| 000 0 ben d
035 _a(BD-JhCC)2727
040 _aBD-JhCC
_dBD-JhCC
041 _aben
082 _a891.443
_bSUL 1367
100 _aসুলতান, সৈয়দ আবদুস
245 _aপঞ্চনদীর পলিমাটি /
_c সৈয়দ আবদুস সুলতান
260 _aঢাকা. :
_bষ্টুডেন্ট ওয়েজ,
_c১৩৬৭.
300 _a১৪৪ পৃ. :
_c২১ সেমি.
650 _aBengali novel
942 _2ddc
_cBK